000 00900cam a2200277 a 4500
999 _c896
_d896
001 15788890
003 GZU
005 20200916094008.0
008 090624s2010 caua b 001 0 eng
010 _a 2009931336
020 _a9781848600027 (cloth)
020 _a9781848600034 (paper)
040 _aDLC
_cDLC
042 _apcc
050 0 0 _aG70.3
_bROG 2010
100 1 _aRogerson, Peter.
245 1 0 _aStatistical methods for geography :
_ba student's guide /
_cPeter A. Rogerson.
250 _a3rd ed.
260 _aLos Angeles :
_bSage,
_c2010.
300 _axvi, 348 p. :
_bill. ;
_c24 cm.
504 _aIncludes bibliographical references (p. [338]-342) and index.
650 0 _aGeography
_xStatistical methods.
906 _a7
_bcbc
_corignew
_d2
_eepcn
_f20
_gy-gencatlg
942 _2lcc
_cBK
_h70.3
_iROG
_kG